• 首页
  • 本馆介绍
  • 公告通知
  • 最新文献
  • 馆藏检索
  • 电子资源
  • 读者导购
  • 参考咨询
  • 我的图书馆
  • 登录
  • 详细信息显示
  • 放入我的书架
  • 预约/预借图书
  • 作者相关作品
  • 分类相关作品
  • 丛书相关作品
  • 出版社相关作品

书目信息

  • 表格格式
  • 工作单格式
  • 卡片格式
题名:
中国新文学图志
    
 
作者: 杨义主笔 ;中井政喜 , 张中良 著
分册: 下  
出版信息: 北京   人民文学出版社  1996.08
页数: 321~661页
开本: 20cm
丛书名:
单 册:
中图分类: I209.5
科图分类:
主题词: 文学史--中国--半殖民地半封建社会 , 文学思想史--中国--半殖民地半封建社会
电子资源:
ISBN: 7-02-002283-9
000 00703nam0 2200229 45
001 0207020809
005 20050404082230.6
010    @a7-02-002283-9@dCNY52.00
100    @a20020702d1996 km y0chiy0120 ea
101 0  @achi
105    @aa z 000yy
200 1  @a中国新文学图志@AZhong Guo Xin Wen Xue Tu Zhi@h下@f杨义主笔@FYang Yi Zhu Bi@g中井政喜,张中良合著
210    @a北京@c人民文学出版社@d1996.08
215    @a321~661页@c插图@d20cm
606 0  @a文学史@y中国@z半殖民地半封建社会
606 0  @a文学思想史@y中国@z半殖民地半封建社会
690    @aI209.5@v4
701  0 @a杨义主笔
702  0 @a中井政喜@4著
702  0 @a张中良@4著
801    @aCN@bTSTC@c20020702
905    @dI209.5@e124:2@f1@b283821
    
    中国新文学图志.下/杨义主笔/中井政喜,张中良合著.-北京:人民文学出版社,1996.08
    321~661页:插图;20cm
    
    
    ISBN 7-02-002283-9:CNY52.00
    
●
相关链接 在E读中查询图书 在五车中查询图书 在当当中查询图书 在豆瓣中查询图书


正题名:中国新文学图志     索取号:I209.5/124:2         预约/预借

序号 登录号 条形码 馆藏地/架位号 状态 备注
1 0283812   002838120   第二借阅区/ [索取号:I209.5/124:2] 在馆    
2 0283813   002838139   第二借阅区/ [索取号:I209.5/124:2] 在馆    
3 0283814   002838148   第二借阅区/ [索取号:I209.5/124:2] 在馆    
4 0283815   002838157   第二借阅区/ [索取号:I209.5/124:2] 在馆    
5 0283816   002838166   第二借阅区/ [索取号:I209.5/124:2] 在馆    
6 0283817   002838175   第二借阅区/ [索取号:I209.5/124:2] 在馆    
7 0283818   002838184   第二借阅区/ [索取号:I209.5/124:2] 在馆    
8 0283819   002838193   第二借阅区/ [索取号:I209.5/124:2] 在馆    
9 0283820   002838200   第二借阅区/ [索取号:I209.5/124:2] 在馆    
10 0283821   002838219   第二借阅区/ [索取号:I209.5/124:2] 在馆    
11 0313372   203133723   第二借阅区/ [索取号:I209.5/124:2] 在馆    
12 0313373   203133732   第二借阅区/ [索取号:I209.5/124:2] 在馆    
13 0313374   203133741   第二借阅区/ [索取号:I209.5/124:2] 在馆    
14 0313375   203133750   第二借阅区/ [索取号:I209.5/124:2] 在馆    
15 0313376   203133769   第一样本阅览室/ [索取号:I209.5/124:2] 在馆    
唐山师范学院图书馆 欢迎您!
大连网信软件有限公司© 版权所有